Religion Quiz

Random Religion or Bible Quiz
Score 0/12 Timer 01:00
0 Plays Today
% Correct
Gabriel
85.2%
Genesis
84.6%
Goliath
83.6%
God
83.6%
Gold
83.1%
Gomorrah
80.9%
Galilee
77.6%
Gethsemane
70.1%
Galatia
68.9%
Gideon
66.3%
Golgotha
65.3%
Gamaliel
58.2%
Remove Ads.
Support Sporcle.
Get the best of Sporcle when you Go Orange. This ad-free experience offers more features, more stats, and more fun while also helping to support Sporcle. Thank you for becoming a member.

You're not logged in!

Compare scores with friends on all Sporcle quizzes.
OR
Log In

Show Comments

Extras

Top Quizzes Today


Score Distribution

Your Account Isn't Verified!

In order to create a playlist on Sporcle, you need to verify the email address you used during registration. Go to your Sporcle Settings to finish the process.

Report this User

Report this user for behavior that violates our Community Guidelines.

Details: